000 00874nam a2200217 4500
001 143605
003 ES-MaACL
005 20230906200844.0
007 t|
008 070214s1969 sp r ||||1| spa d
100 1 _aSerigó Segarra, Adolfo.
_9105551
245 1 0 _aBases sociales de la asistencia a los enfermos mentales /
_cAdolfo Serigó Segarra.
260 _aMadrid :
_bPatronato Nacional de Asistencia Psiquiátrica,
_c1969.
300 _a462 p. :
_bil. ;
_c24 cm.
490 1 _aPublicaciones del Patronato Nacional de Asistencia Psiquiátrica. Monografías
650 4 _aEnfermos mentales-
_xServicios sociales.
_9173394
710 2 _aPatronato Nacional de Asistencia Psiquiátrica (España)
_96191
830 1 _aPublicaciones del Patronato Nacional de Asistencia Psiquiátrica. Monografías
_9181099
852 _aES-MaACL
_jC-44046
999 _c143605
_d143605